La luna / (Record no. 89547)

MARC details
000 -CABECERA
campo de control de longitud fija 00643nam a22002293a 4500
005 - FECHA Y HORA DE LA ÚLTIMA TRANSACCIÓN
campo de control 20231101063648.0
008 - ELEMENTOS DE LONGITUD FIJA--INFORMACIÓN GENERAL
campo de control de longitud fija 010531s1999 mx fr 000 0 spa d
020 ## - NÚMERO INTERNACIONAL NORMALIZADO PARA LIBROS
Número Internacional Estándar del Libro 97018
035 ## - NÚMERO DE CONTROL DEL SISTEMA
Número de control de sistema UPN01000116905
049 ## - COLECCIÓN
Colección I
050 #4 - SIGNATURA TOPOGRÁFICA DE LA BIBLIOTECA DEL CONGRESO
Número de clasificación PQ7297 S22
Número de documento/Ítem L8 1999
100 1# - ASIENTO PRINCIPAL--NOMBRE PERSONAL
Nombre de persona Sabines, Jaime,
Fechas asociadas al nombre 1925-1999
9 (RLIN) 28030
245 13 - MENCIÓN DE TÍTULO
Título La luna /
Mención de responsabilidad, etc. il. de Luis Manuel Serrano.
250 ## - MENCIÓN DE EDICIÓN
Mención de edición 4a ed.
260 ## - PUBLICACIÓN, DISTRIBUCIÓN, ETC.
Lugar de publicación, distribución, etc. México :
Nombre del editor, distribuidor, etc. CIDCLI :
-- CNCA, Dirección General de Publicaciones,
Fecha de publicación, distribución, etc. 1999.
300 ## - DESCRIPCIÓN FÍSICA
Extensión [21] p. :
Otras características físicas il. col.
440 #0 - MENCIÓN DE SERIE/ASIENTO SECUNDARIO--TÍTULO
Título Reloj de versos ;
Designación de volumen o secuencia 3
650 #4 - ASIENTO SECUNDARIO DE MATERIA - TERMINO TEMATICO
Término de materia o nombre geográfico como elemento de entrada Poesía mexicana
9 (RLIN) 1273
901 ## - ELEMENTOS DE DATOS A LOCAL LDA (RLIN)
a 184921
902 ## - ELEMENTOS DE DATOS B LOCAL, LDB (RLIN)
Creó CAA/npd
905 ## - TIPO DE MATERIAL
Tipo de material Infantil
Holdings
Estado de retiro Estado de pérdida Fuente del sistema de clasificación o colocación Estado dañado No para préstamo Código de colección Localización permanente Ubicación/localización actual Ubicación en estantería Fecha de adquisición Total de préstamos Clasificación Código de barras Fecha visto por última vez Número de copia Tipo de ítem Koha
    Library of Congress Classification     Infantil Bib. Gregorio Torres Quintero Bib. Gregorio Torres Quintero Sala infantil Planta baja 11/05/2023 1 PQ7297 S22 L8 1999 184921 31/12/2020 1 Libro